Nové požiadavky na poskytovanie informácií o potravinách spotrebiteľom

Prezentácia nových pravidiel pri poskytovaní informácií o potravinách spotrebiteľom, ktoré vznikli zjednodušením európskej legislatívy.

Guardado en:
Detalles Bibliográficos
Autor principal: Košútová, Tatiana, 1962-
Formato: Capítulo de libro
Lenguaje:eslovaco
Materias:
Etiquetas: Agregar Etiqueta
Sin Etiquetas, Sea el primero en etiquetar este registro!

MARC

LEADER 00000naa a2200000 4500
001 0195638
005 20240502073302.6
041 0 |a slo 
044 |a SK 
245 1 0 |a Nové požiadavky na poskytovanie informácií o potravinách spotrebiteľom  |c Tatiana Košútová 
520 |a Prezentácia nových pravidiel pri poskytovaní informácií o potravinách spotrebiteľom, ktoré vznikli zjednodušením európskej legislatívy. 
610 2 0 |a potraviny 
610 2 0 |a Európska komisia 
610 2 0 |a informácie 
610 2 0 |a konkurencieschopnosť 
610 2 0 |a označovanie tovarov 
100 1 |a Košútová, Tatiana, 1962-